| 000 | 00383nam a2200133Ia 4500 | ||
|---|---|---|---|
| 008 | 231221s9999 xx 000 0 und d | ||
| 041 | _aEnglish | ||
| 082 | _aCPTC14-813 | ||
| 100 | _aManikandan, J. Agrawal, V K. | ||
| 245 | 0 | _aDigital Circuit Design using Support Vector Machines | |
| 260 |
_c2014 _bIEEE _aBhopal |
||
| 650 | _aDigital,Circuit,using,Vector,Machines | ||
| 942 | _cIR | ||
| 999 |
_c231007 _d231007 |
||